|
|
|
|
| LEADER |
00000nam0a2200000 4500 |
| 001 |
306186 |
| 005 |
20231102001854.0 |
| 035 |
|
|
|a (RuTPU)RU\TPU\book\331463
|
| 090 |
|
|
|a 306186
|
| 100 |
|
|
|a 20151005d1973 km y0rusy50 ca
|
| 101 |
0 |
|
|a rus
|
| 102 |
|
|
|a RU
|
| 105 |
|
|
|a a z 001zy
|
| 200 |
1 |
|
|a Сорбционные явления в вакуумной технике
|f Н. В. Черепнин
|
| 210 |
|
|
|a Москва
|c Советское радио
|d 1973
|
| 215 |
|
|
|a 383 с.
|c ил.
|
| 320 |
|
|
|a Библиогр.: с. 372-379
|
| 320 |
|
|
|a Библиогр. в конце гл.
|
| 606 |
1 |
|
|a Вакуумная техника
|2 stltpush
|3 (RuTPU)RU\TPU\subj\1959
|9 30605
|
| 610 |
1 |
|
|a сорбционные явления
|
| 610 |
1 |
|
|a термодинамика
|
| 610 |
1 |
|
|a детали
|
| 610 |
1 |
|
|a сохранность
|
| 610 |
1 |
|
|a хемосорбция
|
| 610 |
1 |
|
|a газы
|
| 610 |
1 |
|
|a воздействие
|
| 610 |
1 |
|
|a десорбция
|
| 610 |
1 |
|
|a бомбардировка
|
| 610 |
1 |
|
|a заряженные частицы
|
| 610 |
1 |
|
|a высоковольтный пробой
|
| 675 |
|
|
|a 621.385
|v 3
|
| 700 |
|
1 |
|a Черепнин
|b Н. В.
|g Николай Васильевич
|
| 801 |
|
1 |
|a RU
|b 63413507
|c 20151005
|
| 801 |
|
2 |
|a RU
|b 63413507
|c 20200304
|g RCR
|
| 942 |
|
|
|c BK
|